Analysis and design of certain quantitative multiresponse experiments /

Bibliographic Details
Main Author: Roy, Samarendra Nath, 1906-1964
Other Authors: Gnanadesikan, Ram, 1932-, Srivastava, Jagdish Narain, 1933-
Format: Book
Language:English
Published: Oxford, New York : Pergamon Press, [1971]
Edition:[1st ed.].
Series:International series of monographs in applied statistics and biometry ; v. 2.
Subjects:

MARC

Tag First Indicator Second Indicator Subfields
LEADER 00000cam a2200000 4500
001 in00000132467
005 20150930091643.0
008 720320s1971 enka b 00010 eng
010 |a  71104118  
020 |a 0080069177 
035 |a (OCoLC)00281211 
035 |9 AAP0865AM 
040 |a DLC  |c DLC  |d TXA  |d UtOrBLW 
049 |a TXAM  |c [954871] 
050 0 0 |a QA279  |b .R68 1971 
082 0 |a 519.5/35 
100 1 |a Roy, Samarendra Nath,  |d 1906-1964. 
245 1 0 |a Analysis and design of certain quantitative multiresponse experiments /  |c by S. N. Roy, R. Gnanadesikan and J. N. Srivastava. With an appendix on computer algorithms and programs, by E. B. Fowlkes, II and Elisa T. Lee. 
250 |a [1st ed.]. 
264 1 |a Oxford,  |a New York :  |b Pergamon Press,  |c [1971] 
300 |a x, 304 pages :  |b illustrations ;  |c 26 cm. 
336 |a text  |b txt  |2 rdacontent 
337 |a unmediated  |b n  |2 rdamedia 
338 |a volume  |b nc  |2 rdacarrier 
490 1 |a International series of monographs in applied statistics and biometry,  |v v. 2 
504 |a Includes bibliographies. 
650 0 |a Experimental design. 
650 0 |a Analysis of variance. 
700 1 |a Gnanadesikan, Ram,  |d 1932- 
700 1 |a Srivastava, Jagdish Narain,  |d 1933- 
830 0 |a International series of monographs in applied statistics and biometry ;  |v v. 2. 
999 |a MARS 
999 f f |s dc200707-096d-3dd1-8a1e-f0cbf5f3cfc7  |i 5684c726-2410-31ed-a721-fa216a853639  |t 0 
952 f f |p ric  |a Texas A&M University  |b Rellis Campus  |c Joint Library Facility  |d Remote Storage  |t 0  |e QA279 .R68 1971  |h Library of Congress classification  |i unmediated -- volume  |m A14804508976 
998 f f |a QA279 .R68 1971  |t 0  |l Remote Storage